[Event "40th Olympiad Open"]
[Site "Istanbul TUR"]
[Date "2012.09.04"]
[Round "7.44"]
[Board "1"]
[White "Wynn Zaw Htun"]
[Black "Edirisinghe, Dulan"]
[Result "1/2-1/2"]
[WhiteTitle "IM"]
[WhiteElo "2398"]
[BlackElo "2046"]
[WhiteTeam "Myanmar"]
[BlackTeam "Sri Lanka"]
[WhiteFideId "13002783"]
[BlackFideId "9900446"]
[EventDate "2012.08.28"]

1. Nf3 Nf6 2. g3 g6 3. Bg2 Bg7 4. d3 d6 5. O-O O-O 6. c3 c5 7. Re1 Nc6 8. h3 Rb8
9. e4 b5 10. Be3 Nd7 11. Qd2 b4 12. Bh6 bxc3 13. bxc3 Qb6 14. Bxg7 Kxg7 15. Na3
Ba6 16. Reb1 Qa5 17. Nc2 Rb6 18. Ne3 Rfb8 19. Rxb6 Qxb6 20. Nd1 Nde5 21. Ne1 Nd7
22. Kh2 Nf6 23. f4 e5 24. f5 c4 25. dxc4 Na5 26. Ne3 Nxc4 27. Nxc4 Bxc4 28. Nc2
Qb2 29. Qxd6 Rb6 30. Qd2 Bxa2 31. g4 h6 32. fxg6 Kxg6 33. Qf2 Kg7 34. Rd1 Qxc3
35. Ne3 Be6 36. Rf1 Ne8 37. Qg3 Qd4 38. g5 hxg5 39. Qxg5+ Kf8 40. Rd1 Qc3 41.
Rd8 Qc5 42. Ra8 Qe7 43. Qh5 Qf6 44. Nf5 Bxf5 45. Qxf5 Qxf5 46. exf5 Ke7 47.
Rxa7+ Kf6 48. Bd5 Nd6 49. Rd7 Kxf5 50. Bxf7 Nxf7 51. Rxf7+ Ke4 52. Kg3 Rg6+ 53.
Kf2 Ra6 54. Rb7 Ra2+ 55. Ke1 Kf4 56. Rb4+ e4 57. Rb3 Rh2 58. Ra3 e3 59. Ra8 Ke5 1/2-1/2

[Event "40th Olympiad Open"]
[Site "Istanbul TUR"]
[Date "2012.09.04"]
[Round "7.44"]
[Board "2"]
[White "Perera, W C C"]
[Black "Win, Tun"]
[Result "1-0"]
[WhiteElo "2110"]
[BlackElo "2174"]
[WhiteTeam "Sri Lanka"]
[BlackTeam "Myanmar"]
[WhiteFideId "9902600"]
[BlackFideId "13003100"]
[EventDate "2012.08.28"]

1. d4 Nf6 2. c4 g6 3. Nc3 d5 4. cxd5 Nxd5 5. Bd2 Bg7 6. e4 Nb6 7. Be3 Nc6 8. d5
Ne5 9. f4 Ng4 10. Bb5+ Bd7 11. Bd4 O-O 12. Bxg7 Kxg7 13. Be2 Nf6 14. Qd4 Kg8 15.
h4 c6 16. h5 cxd5 17. e5 Ne4 18. Nf3 Ng3 19. Kf2 Nxh1+ 20. Rxh1 Bg4 21. hxg6
fxg6 22. Ng5 Bxe2 23. Nxe2 Rf5 24. Nxh7 Rh5 25. Rxh5 gxh5 26. Ng5 Qf8 27. a4 Rc8
28. a5 Rc4 29. Qd2 e6 30. axb6 Qf5 31. bxa7 Ra4 32. Qc3 Rxa7 33. Qc8+ Kg7 34.
Qc7+ 1-0

[Event "40th Olympiad Open"]
[Site "Istanbul TUR"]
[Date "2012.09.04"]
[Round "7.44"]
[Board "3"]
[White "Myo Naing"]
[Black "Anuruddha, G C"]
[Result "0-1"]
[WhiteTitle "IM"]
[WhiteElo "2312"]
[BlackElo "2137"]
[WhiteTeam "Myanmar"]
[BlackTeam "Sri Lanka"]
[WhiteFideId "13000071"]
[BlackFideId "9900438"]
[EventDate "2012.08.28"]

1. e4 e5 2. Nf3 Nc6 3. Bb5 a6 4. Ba4 Nge7 5. c3 g6 6. O-O Bg7 7. d4 b5 8. Bb3
exd4 9. cxd4 d6 10. h3 O-O 11. Re1 Bb7 12. Nc3 Na5 13. Bc2 c5 14. d5 Nc4 15. Nd2
Nb6 16. Ne2 Re8 17. Rb1 Kh8 18. Nf3 Ng8 19. Bg5 Qd7 20. Ng3 a5 21. Qc1 a4 22.
Nd2 Ba6 23. Bd3 Qb7 24. Bf1 Rac8 25. Bf4 Red8 26. b3 b4 27. Nc4 axb3 28. axb3
Bxc4 29. Bxc4 Bc3 30. Bd2 Bxd2 31. Qxd2 f6 32. Qd3 Nxc4 33. Qxc4 Nh6 34. Nf1 Ra8
35. Ne3 Ra2 36. Ra1 Rda8 37. Rxa2 Rxa2 38. Qc1 Kg7 39. Nc4 Nf7 40. f4 Qa8 41.
Qd1 Qa7 42. Kh2 Rf2 43. Rf1 Qa2 44. Rxf2 Qxf2 45. Qd2 Qxd2 46. Nxd2 g5 47. g3
gxf4 48. gxf4 f5 49. Kg3 Kf6 50. Kf3 Nh6 51. Ke3 fxe4 52. Nxe4+ Ke7 53. Ng3 Ng8
54. Nf5+ Kd7 55. Kd3 Nf6 56. Ne3 Ke7 57. Nf5+ Kd7 58. Ne3 Kc7 59. Kc4 Ne4 60.
Kd3 Nf6 61. Kc4 Nh5 62. f5 Kd7 63. Ng4 Ke7 64. h4 Nf6 65. Ne3 Ne4 66. Kb5 Kf6
67. Kc6 Ke5 68. Nc4+ Kxf5 69. Nxd6+ Nxd6 70. Kxd6 c4 71. Ke7 cxb3 72. d6 b2 73.
d7 b1=Q 74. d8=Q Qe4+ 75. Kf8 Kg4 76. Kg7 b3 77. Qd1+ Qf3 78. Qd4+ Kh3 79. Kxh7
Qh5+ 0-1

[Event "40th Olympiad Open"]
[Site "Istanbul TUR"]
[Date "2012.09.04"]
[Round "7.45"]
[Board "1"]
[White "Domingos, Catarino"]
[Black "Rodriguez Vila, Andres"]
[Result "0-1"]
[WhiteTitle "FM"]
[BlackTitle "GM"]
[WhiteElo "2280"]
[BlackElo "2536"]
[WhiteTeam "Angola"]
[BlackTeam "Uruguay"]
[WhiteFideId "10100253"]
[BlackFideId "3000010"]
[EventDate "2012.08.28"]

1. d4 f5 2. e4 fxe4 3. Nc3 Nf6 4. Bg5 Nc6 5. Bxf6 exf6 6. d5 Ne5 7. Nxe4 f5 8.
Nd2 Bc5 9. Nb3 Bb6 10. Nf3 O-O 11. Nxe5 Re8 12. Be2 Rxe5 13. O-O d6 14. Nd2 Qf6
15. Nc4 Re4 16. c3 Qh6 17. g3 f4 18. Nxb6 axb6 19. Bf3 Re8 20. Re1 Bh3 21. Rxe8+
Rxe8 22. Qa4 Rf8 23. Qe4 fxg3 24. fxg3 Qf6 25. Bg2 Qf2+ 26. Kh1 Qxb2 0-1

[Event "40th Olympiad Open"]
[Site "Istanbul TUR"]
[Date "2012.09.04"]
[Round "7.45"]
[Board "2"]
[White "Crosa Coll, Martin"]
[Black "Simoes, Joao ANG"]
[Result "1-0"]
[WhiteTitle "IM"]
[WhiteElo "2344"]
[BlackElo "2275"]
[WhiteTeam "Uruguay"]
[BlackTeam "Angola"]
[WhiteFideId "3000524"]
[BlackFideId "10100520"]
[EventDate "2012.08.28"]

1. e4 e6 2. d4 d5 3. e5 c5 4. c3 Nc6 5. Nf3 Qb6 6. Bd3 Bd7 7. O-O Rc8 8. dxc5
Bxc5 9. b4 Bf8 10. Qe2 Nge7 11. Re1 Ng6 12. h4 f6 13. exf6 gxf6 14. h5 Nge5 15.
b5 Nxd3 16. Qxd3 Ne7 17. a4 Qc7 18. Qd4 e5 19. Qxa7 Nf5 20. Be3 Rg8 21. Nbd2
Nxe3 22. Qxe3 Qxc3 23. Qb6 e4 24. Qxb7 Be6 25. Nxe4 Qxf3 26. Ng3 1-0

[Event "40th Olympiad Open"]
[Site "Istanbul TUR"]
[Date "2012.09.04"]
[Round "7.45"]
[Board "3"]
[White "Oliveira, Luciano"]
[Black "Roselli Mailhe, Bernardo"]
[Result "1/2-1/2"]
[BlackTitle "IM"]
[WhiteElo "2208"]
[BlackElo "2420"]
[WhiteTeam "Angola"]
[BlackTeam "Uruguay"]
[WhiteFideId "10100431"]
[BlackFideId "3000028"]
[EventDate "2012.08.28"]

1. d4 Nf6 2. Nf3 g6 3. c4 Bg7 4. g3 O-O 5. Bg2 d6 6. O-O Nc6 7. Nc3 a6 8. h3 Rb8
9. Qc2 Bd7 10. Bg5 h6 11. Bd2 b5 12. b3 Kh7 13. Rab1 Na5 14. Nd5 c6 15. Nxf6+
Bxf6 16. Qd3 Qc7 17. Rfe1 Bg7 18. c5 Rbd8 19. Bf4 Nb7 20. Rbc1 Qc8 21. cxd6 exd6
22. h4 Kg8 23. Qd2 Kh7 24. Qd3 Kg8 25. Qd2 Kh7 26. b4 Qa8 27. e4 Rde8 28. Be3
Rc8 29. Bf4 Rfe8 30. e5 d5 31. Bf1 Bg4 32. Nh2 Be6 33. Bd3 h5 34. Nf3 Nd8 35.
Rc2 Qa7 36. Bg5 Qd7 37. Bf6 Bf5 38. Ng5+ Kg8 39. Bxg7 Kxg7 40. Rc3 Bxd3 41. Rxd3
Ne6 42. Rf3 Nxg5 43. Qxg5 Re6 44. Ree3 a5 45. a3 Qa7 46. Rf6 Rce8 47. Ref3 R8e7
48. Qf4 axb4 49. axb4 Kg8 50. Kg2 Qc7 51. Ra3 Qd7 52. Rf3 Qe8 53. Ra3 Kh7 54.
Rf3 Kg8 55. Qh6 Qf8 56. Qxf8+ Kxf8 57. Ra3 Re8 58. Kf3 1/2-1/2

[Event "40th Olympiad Open"]
[Site "Istanbul TUR"]
[Date "2012.09.04"]
[Round "7.45"]
[Board "4"]
[White "Sanguinetti, Luis"]
[Black "Cambando, Jose"]
[Result "0-1"]
[WhiteElo "2218"]
[BlackElo "2044"]
[WhiteTeam "Uruguay"]
[BlackTeam "Angola"]
[WhiteFideId "3002608"]
[BlackFideId "10100563"]
[EventDate "2012.08.28"]

1. d4 Nf6 2. c4 d6 3. Nc3 Nbd7 4. e4 e5 5. Nge2 c6 6. g3 Be7 7. Bg2 a5 8. O-O
O-O 9. h3 exd4 10. Nxd4 Nc5 11. Be3 Re8 12. Qc2 h6 13. f4 Bf8 14. Rfe1 Qc7 15.
b3 Bd7 16. a3 g6 17. Rab1 Bg7 18. Kh2 h5 19. b4 axb4 20. axb4 Ne6 21. Nf3 Ra3
22. Rb3 Rea8 23. e5 dxe5 24. fxe5 Ne8 25. Rxa3 Rxa3 26. Qb2 Ra8 27. Ne4 h4 28.
Bf2 hxg3+ 29. Bxg3 Qb6 30. Rd1 Bc8 31. Rd3 Ra4 32. Rb3 Qa7 33. Nf6+ Nxf6 34.
exf6 Bh6 35. Qe5 Ra2 36. b5 Qc5 37. bxc6 Qxc6 38. Qd5 Nc5 39. Rc3 Qxd5 40. cxd5
b6 41. Bd6 Bf5 42. Rc4 Be4 43. Kg3 Bxd5 44. Rd4 Ne4+ 45. Kh2 Nxf6 46. Rd3 Be4
47. Rb3 Nd5 48. Ra3 Bf4+ 49. Kh1 Rxg2 50. Kxg2 Bxd6 51. Ra4 f5 52. h4 b5 53. Ra6
Nf4+ 54. Kg3 Nh5+ 55. Kg2 Bc5 56. Rxg6+ Kh7 57. Ra6 Nf4+ 58. Kg3 Ne2+ 59. Kg2
Nd4 60. Kg3 Nxf3 61. Kf4 Nxh4 62. Ra5 Bd6+ 63. Kg5 Be7+ 64. Kf4 Ng6+ 65. Ke3 b4
66. Rb5 Bc2 67. Kd4 Bf6+ 0-1

[Event "40th Olympiad Open"]
[Site "Istanbul TUR"]
[Date "2012.09.04"]
[Round "7.46"]
[Board "1"]
[White "Omar, Noaman"]
[Black "Croes, Octavio"]
[Result "1-0"]
[WhiteTitle "IM"]
[BlackTitle "CM"]
[WhiteElo "2322"]
[BlackElo "1915"]
[WhiteTeam "United Arab Emirates"]
[BlackTeam "Aruba"]
[WhiteFideId "9300244"]
[BlackFideId "1007220"]
[EventDate "2012.08.28"]

1. d4 Nf6 2. c4 e6 3. Nf3 Bb4+ 4. Nbd2 O-O 5. a3 Bxd2+ 6. Qxd2 d5 7. g3 c6 8.
Qc2 Nbd7 9. Bg2 Re8 10. O-O e5 11. dxe5 Nxe5 12. cxd5 cxd5 13. Bg5 h6 14. Bxf6
Qxf6 15. Nxe5 Qxe5 16. e3 Bf5 17. Qd2 Red8 18. Qb4 Be6 19. Rfd1 b6 20. Rd4 Qc7
21. Qd2 Rac8 22. Rd1 Qc2 23. h4 Qb3 24. Rb4 Qc2 25. Qxc2 Rxc2 26. Be4 Rc5 27.
Bf3 Rdc8 28. Rbd4 g6 29. Bxd5 Bxd5 30. Rxd5 Rc2 31. R1d2 Rc1+ 32. Kg2 Kg7 33.
Kf3 R8c6 34. Ke2 Rf6 35. Rd6 Rf5 36. g4 Rfc5 37. Rd7 Rg1 38. R7d4 Rh1 39. Rf4
Rc7 40. g5 hxg5 41. hxg5 Rg1 42. Rd5 Rc2+ 43. Kf3 Rxb2 44. Rd7 Rxg5 45. Rfxf7+
Kg8 46. Rg7+ Kf8 47. Rdf7+ Ke8 48. Rxa7 Kf8 49. Rgb7 Rf5+ 50. Ke4 Kg8 51. f4 Rf6
52. Ke5 Rf5+ 53. Ke6 Rbb5 54. Rg7+ Kf8 55. Rxg6 Ra5 56. Rb7 1-0

[Event "40th Olympiad Open"]
[Site "Istanbul TUR"]
[Date "2012.09.04"]
[Round "7.46"]
[Board "3"]
[White "Faisal, Abdulla"]
[Black "De Mey, Juan Pablo"]
[Result "1-0"]
[WhiteTitle "CM"]
[WhiteElo "2245"]
[BlackElo "1882"]
[WhiteTeam "United Arab Emirates"]
[BlackTeam "Aruba"]
[WhiteFideId "9301232"]
[BlackFideId "15900312"]
[EventDate "2012.08.28"]

1. e4 c5 2. Nf3 a6 3. c4 e6 4. d4 cxd4 5. Nxd4 Qc7 6. Nc3 d6 7. Be2 Nc6 8. Be3
Bd7 9. O-O Rc8 10. Rc1 Nxd4 11. Bxd4 Nf6 12. f4 e5 13. Be3 Bc6 14. Nd5 Bxd5 15.
cxd5 Qd7 16. fxe5 Rxc1 17. Qxc1 dxe5 18. Qc2 Bd6 19. Rc1 O-O 20. h3 h6 21. a3
Qe7 22. b4 a5 23. bxa5 Bxa3 24. Rb1 Ra8 25. Bf3 Ne8 26. Kh2 Nd6 27. Qc3 Ne8 28.
Rb3 Bd6 29. Bd2 Nf6 30. Rb5 Rd8 31. Qb2 Rd7 32. Be3 Kh7 33. Bb6 g6 34. Qe2 h5
35. g4 hxg4 36. hxg4 Bb8 37. g5 Nxd5 38. Rxd5 Rxd5 39. exd5 e4+ 40. Kh1 Qxg5 41.
Bxe4 Qc1+ 42. Kg2 Qg5+ 43. Kf2 f5 44. Bg2 Qh4+ 45. Kf1 Bh2 46. Bf3 Qh3+ 47. Bg2
Qh4 48. Qd3 Qf4+ 49. Bf3 Qg3 50. d6 Qxd6 51. Qxd6 Bxd6 52. Bxb7 Bb8 53. a6 g5
54. Kg2 Kg6 55. a7 Bxa7 56. Bxa7 Kh5 57. Bb8 Kg6 58. Be5 Kh5 59. Bc8 Kg4 60. Be6 1-0

[Event "40th Olympiad Open"]
[Site "Istanbul TUR"]
[Date "2012.09.04"]
[Round "7.47"]
[Board "1"]
[White "De La Riva Aguado, Oscar"]
[Black "Malisauskas, Vidmantas"]
[Result "1/2-1/2"]
[WhiteTitle "GM"]
[BlackTitle "GM"]
[WhiteElo "2540"]
[BlackElo "2451"]
[WhiteTeam "Andorra"]
[BlackTeam "Lithuania"]
[WhiteFideId "6900224"]
[BlackFideId "12800031"]
[EventDate "2012.08.28"]

1. e4 c5 2. Nf3 d6 3. c3 Nf6 4. Be2 Bd7 5. d3 Nc6 6. Nbd2 g6 7. O-O Bg7 8. Re1
O-O 9. Bf1 Qc7 10. a3 e5 11. b4 a6 12. Bb2 Rac8 13. Rc1 Qb8 14. Nb3 cxb4 15.
cxb4 Rfe8 16. Bc3 Na7 17. Qd2 Ba4 18. Na5 d5 19. exd5 Nxd5 20. Bb2 Nc6 21. Nc4
Rcd8 22. g3 Nd4 23. Nxd4 exd4 24. Bg2 Nc3 25. Na5 b6 26. Nc6 Bxc6 27. Bxc6 Rxe1+
28. Rxe1 Qd6 29. Bf3 a5 30. bxa5 bxa5 1/2-1/2

[Event "40th Olympiad Open"]
[Site "Istanbul TUR"]
[Date "2012.09.04"]
[Round "7.47"]
[Board "2"]
[White "Beinoras, Mindaugas"]
[Black "Simonet, Marc"]
[Result "1-0"]
[WhiteTitle "IM"]
[BlackTitle "FM"]
[WhiteElo "2346"]
[BlackElo "2291"]
[WhiteTeam "Lithuania"]
[BlackTeam "Andorra"]
[WhiteFideId "12802085"]
[BlackFideId "6900127"]
[EventDate "2012.08.28"]

1. d4 d5 2. Bg5 c6 3. e3 Qb6 4. b3 Bf5 5. Bd3 e6 6. Bxf5 exf5 7. Ne2 Nd7 8. Qd3
g6 9. O-O Be7 10. Bf4 Ngf6 11. c4 a5 12. Nbc3 Qa6 13. Rfd1 Nb6 14. c5 Qxd3 15.
Rxd3 Nbd7 16. Na4 O-O 17. h3 Ne4 18. f3 Ng5 19. Rb1 Ne6 20. Bg3 Rfe8 21. Nec3 h5
22. Kf1 h4 23. Bh2 Bf8 24. a3 Ra6 25. e4 fxe4 26. fxe4 dxe4 27. Nxe4 Nf4 28.
Bxf4 Rxe4 29. Bg5 Be7 30. Nc3 Re6 31. Bxe7 Rxe7 32. Re1 Rxe1+ 33. Kxe1 b6 34.
Na4 b5 35. Nc3 b4 36. Nb1 Nf6 37. a4 Nd5 38. Kf2 f6 39. Nd2 Ra7 40. Nc4 g5 41.
Rd1 Nf4 42. Kf3 Kf8 43. Re1 Re7 44. Rxe7 Kxe7 45. Nxa5 Kd7 46. Nc4 Ne6 47. Ke4
Nf4 48. Ne3 Ke6 49. a5 Ne2 50. a6 Nc3+ 51. Kd3 Nb5 52. Nc2 f5 53. Nxb4 g4 54.
Ke3 Kd7 55. Kf4 gxh3 56. gxh3 Kc7 57. Nc2 1-0

[Event "40th Olympiad Open"]
[Site "Istanbul TUR"]
[Date "2012.09.04"]
[Round "7.47"]
[Board "3"]
[White "Garcia, Raul"]
[Black "Vedrickas, Tautvydas"]
[Result "1/2-1/2"]
[WhiteTitle "FM"]
[BlackTitle "FM"]
[WhiteElo "2193"]
[BlackElo "2344"]
[WhiteTeam "Andorra"]
[BlackTeam "Lithuania"]
[WhiteFideId "6900020"]
[BlackFideId "12802654"]
[EventDate "2012.08.28"]

1. d4 Nf6 2. Nf3 e6 3. c4 b6 4. e3 Bb7 5. Bd3 d5 6. b3 Bd6 7. Bb2 Nbd7 8. O-O
Ne4 9. Nc3 a6 10. Qe2 O-O 11. Rac1 Qe7 12. Nd2 f5 13. Rfe1 Rf6 14. f4 Nxd2 15.
Qxd2 Raf8 16. Bf1 Rg6 17. Nd1 Nf6 18. Nf2 h5 19. Qc2 dxc4 20. bxc4 Ne4 21. Nxe4
Bxe4 22. Qd2 c5 23. Re2 Rg4 24. Rf2 Qb7 25. Bd3 Be7 26. Qc2 Bxd3 27. Qxd3 Rd8
28. Qc2 Qc6 29. d5 exd5 30. Qxf5 d4 31. exd4 cxd4 32. Qxh5 Qe6 33. Qe5 Qxe5 34.
fxe5 Bc5 35. Rf3 Re4 36. Rd3 Re2 37. Rb1 Rxe5 38. Rbd1 Re4 39. g3 Kf7 40. R1d2
Ke6 41. Kg2 Rd6 42. h3 Ke5 43. Rf2 Rf6 1/2-1/2

[Event "40th Olympiad Open"]
[Site "Istanbul TUR"]
[Date "2012.09.04"]
[Round "7.48"]
[Board "1"]
[White "Lodhi, Mahmood"]
[Black "Pitterson, Jomo"]
[Result "1/2-1/2"]
[WhiteTitle "IM"]
[BlackTitle "IM"]
[WhiteElo "2358"]
[BlackElo "2221"]
[WhiteTeam "Pakistan"]
[BlackTeam "Jamaica"]
[WhiteFideId "7800010"]
[BlackFideId "7400110"]
[EventDate "2012.08.28"]

1. d4 Nf6 2. Nf3 g6 3. g3 Bg7 4. Bg2 O-O 5. O-O d6 6. c4 Nc6 7. Nc3 a6 8. e4 Bg4
9. h3 Bxf3 10. Bxf3 Nd7 11. Be3 e5 12. d5 Nd4 13. Bg2 c5 14. dxc6 bxc6 15. f4
Qa5 16. Rc1 Qb4 17. b3 a5 18. f5 Rfe8 19. Rf2 Nc5 20. h4 a4 21. fxg6 fxg6 22.
bxa4 Nxa4 23. Nxa4 Qxa4 24. Qg4 Qa3 25. Bd2 Rf8 26. Rcf1 Qxa2 27. h5 Qxc4 28. h6
Rxf2 29. Rxf2 Bf8 30. Bh3 Ra7 31. Bf1 Qb3 32. Kg2 Rf7 33. Rxf7 Qxf7 34. Qd1 Be7
35. Be3 Qa2+ 36. Kh3 Qe6+ 37. Kh2 g5 38. Qh5 Qf7 39. Qh3 Qe6 40. Qxe6+ Nxe6 41.
Bc4 Kf7 42. Kh3 Kf6 43. Kg4 Bd8 44. Kh5 Be7 45. Bb3 Bd8 46. Ba4 c5 47. Bb3 Be7
48. Bc4 Bd8 49. Bd2 Kf7 50. Kg4 Kf6 51. Bd5 Be7 52. Kh5 Bd8 53. Be1 Be7 54. Ba5
Bd8 55. Bxe6 Bxa5 56. Bg8 Be1 57. g4 Bd2 58. Bxh7 c4 59. Bg8 c3 60. Bb3 Be3 61.
Bc2 Bd2 1/2-1/2

[Event "40th Olympiad Open"]
[Site "Istanbul TUR"]
[Date "2012.09.04"]
[Round "7.48"]
[Board "2"]
[White "Rowe, Duane"]
[Black "Qureshi, M.A."]
[Result "1-0"]
[WhiteTitle "CM"]
[WhiteElo "2251"]
[BlackElo "2190"]
[WhiteTeam "Jamaica"]
[BlackTeam "Pakistan"]
[WhiteFideId "7400268"]
[BlackFideId "5002753"]
[EventDate "2012.08.28"]

1. e4 e6 2. d4 d5 3. Nc3 Nf6 4. e5 Nfd7 5. f4 c5 6. Nf3 Nc6 7. Be3 a6 8. Qd2 Be7
9. g3 b5 10. a3 Qb6 11. Bg2 Bb7 12. O-O Rc8 13. Kh1 cxd4 14. Nxd4 Nxd4 15. Bxd4
Bc5 16. Ne2 Bxd4 17. Nxd4 O-O 18. Rae1 f6 19. exf6 Rxf6 20. Bh3 Nc5 21. Qe3 Ne4
22. c3 Rcf8 23. Kg1 Kh8 24. Nf3 Qc7 25. Qd4 Bc8 26. Ne5 Nd6 27. g4 Re8 28. g5
Rff8 29. Bg4 Nf5 30. Qf2 Kg8 31. Bh5 Re7 32. Bg4 Ree8 33. Rd1 Rd8 34. Rd3 g6 35.
Bh3 Nd6 36. Ng4 Ne4 37. Qd4 Qg7 38. Ne5 Nd6 39. b3 Qc7 40. Bg2 Nf5 41. Qf2 Kg7
42. Rfd1 Kg8 43. Ng4 Kg7 44. Rh3 Rh8 45. Nh6 Rhf8 46. Ng4 Rh8 47. Rhd3 Rhf8 48.
Kh1 Rh8 49. Rh3 Rhf8 50. Ne5 Kg8 51. Ng4 Kg7 52. Rdd3 Rh8 53. Rh6 Rhf8 54. Rhh3
Rh8 55. Ne5 Rhf8 56. Kg1 Kg8 57. Bf1 Rde8 58. Ng4 Re7 59. Nf6+ Kh8 60. Rd1 Ref7
61. Bd3 Rxf6 62. gxf6 Rxf6 63. Bxf5 Rxf5 64. Qd4+ Kg8 65. Rf3 Bb7 66. Re1 Bc8
67. Re5 Rf8 68. Rf2 Qc6 69. h4 Kf7 70. h5 Rg8 71. Rg5 Ke7 72. hxg6 Rxg6 73. Rxg6
hxg6 74. Rh2 Bd7 75. Qb4+ Kd8 76. Rh7 Kc7 77. Qd4 Kb8 78. Rg7 Kc7 79. Rxg6 Kb7
80. f5 Qc8 81. f6 1-0

[Event "40th Olympiad Open"]
[Site "Istanbul TUR"]
[Date "2012.09.04"]
[Round "7.48"]
[Board "3"]
[White "Waqar, Ahmad Madni"]
[Black "Davy, Damion"]
[Result "1-0"]
[WhiteElo "2062"]
[BlackElo "2101"]
[WhiteTeam "Pakistan"]
[BlackTeam "Jamaica"]
[WhiteFideId "7800371"]
[BlackFideId "7400519"]
[EventDate "2012.08.28"]

1. e4 c5 2. Nf3 Nc6 3. d4 cxd4 4. Nxd4 Nf6 5. Nc3 e5 6. Nxc6 bxc6 7. Bc4 Bb4 8.
O-O O-O 9. Bg5 Bxc3 10. bxc3 h6 11. Bh4 g5 12. Bg3 d6 13. Qe2 Qe7 14. h4 Kg7 15.
Rad1 Bg4 16. f3 Be6 17. hxg5 hxg5 18. Bxe6 fxe6 19. Qd2 Nh5 20. Bh2 Rad8 21. c4
c5 22. g4 Nf4 23. Bxf4 gxf4 24. Kg2 Qh4 25. Qf2 Rh8 26. Qxh4 Rxh4 27. Rh1 Rxh1
28. Kxh1 Kf6 29. Kg2 Rb8 30. Rxd6 Rb2 31. g5+ Ke7 32. Ra6 Rxc2+ 33. Kh3 Rxc4 34.
Rxa7+ Kd6 35. g6 Rb4 36. g7 Rb8 37. Kg4 c4 38. Kg5 Rc8 39. Ra3 Kc5 40. Rc3 Kd4
41. Rc1 Kd3 42. Kf6 c3 43. Kf7 Kd2 44. Rh1 c2 45. g8=Q Rxg8 46. Kxg8 c1=Q 47.
Rxc1 Kxc1 48. a4 Kd2 49. a5 Ke3 50. a6 Kxf3 51. a7 Kg2 52. a8=Q f3 53. Qf8 f2
54. Qg7+ Kh1 55. Qh6+ Kg2 56. Qg5+ Kh1 57. Qh4+ Kg2 58. Qg4+ Kh1 59. Qf3+ Kg1
60. Kf7 1-0

[Event "40th Olympiad Open"]
[Site "Istanbul TUR"]
[Date "2012.09.04"]
[Round "7.48"]
[Board "4"]
[White "Mellace, Andrew"]
[Black "Ahmed, Haseeb"]
[Result "0-1"]
[WhiteElo "2081"]
[BlackElo "2296"]
[WhiteTeam "Jamaica"]
[BlackTeam "Pakistan"]
[WhiteFideId "7400055"]
[BlackFideId "7800096"]
[EventDate "2012.08.28"]

1. e4 c5 2. d4 cxd4 3. c3 dxc3 4. Nxc3 Nc6 5. Nf3 g6 6. Bc4 Bg7 7. O-O d6 8. h3
Nf6 9. Ng5 O-O 10. f4 e6 11. Be3 h6 12. Nf3 Nxe4 13. Nxe4 d5 14. Bc5 dxe4 15.
Bxf8 Qxf8 16. Nd2 Qc5+ 17. Kh1 e3 18. Bb3 exd2 19. Qxd2 Nd4 20. Rac1 Qb6 21. Rc4
e5 22. fxe5 Nxb3 23. axb3 Be6 24. Rb4 Qa5 25. Rd1 b6 26. Re4 Bxb3 27. Qxa5 bxa5
28. Rd7 a4 29. Kg1 Re8 30. e6 Rxe6 31. Rb4 Re2 32. Rxa7 Rxb2 33. Kf1 Bc3 34.
Rb8+ Kg7 35. Rc8 Bd4 36. Raa8 Rf2+ 37. Ke1 Rxg2 38. h4 Rh2 39. Rh8 Rxh4 40.
Rag8+ Kf6 41. Rd8 Ke5 0-1

[Event "40th Olympiad Open"]
[Site "Istanbul TUR"]
[Date "2012.09.04"]
[Round "7.49"]
[Board "1"]
[White "Machin Rivera, Mark"]
[Black "Eid, Fadi"]
[Result "0-1"]
[WhiteTitle "FM"]
[BlackTitle "IM"]
[WhiteElo "2323"]
[BlackElo "2377"]
[WhiteTeam "Puerto Rico"]
[BlackTeam "Lebanon"]
[WhiteFideId "3101126"]
[BlackFideId "5300118"]
[EventDate "2012.08.28"]

1. c4 b6 2. Nf3 Bb7 3. g3 Bxf3 4. exf3 c5 5. d4 cxd4 6. Qxd4 Nc6 7. Qd1 Rc8 8.
Bg2 Nf6 9. O-O e6 10. f4 Be7 11. b3 O-O 12. Bb2 d5 13. Nd2 Na5 14. cxd5 Nxd5 15.
Qe2 Rc2 16. Rab1 Bb4 17. Qe5 Bc3 18. Bxc3 Nxc3 19. Be4 Ne2+ 20. Kh1 Rxd2 21. Rb2
Qd7 22. Rxd2 Qxd2 23. Qc7 Qxa2 24. Qe7 g6 25. f5 exf5 26. Bxf5 Nd4 27. Bg4 Nac6 0-1

[Event "40th Olympiad Open"]
[Site "Istanbul TUR"]
[Date "2012.09.04"]
[Round "7.49"]
[Board "2"]
[White "Khairallah, Faisal"]
[Black "Vazquez Reyes, Raul"]
[Result "0-1"]
[WhiteTitle "FM"]
[BlackTitle "FM"]
[WhiteElo "2308"]
[BlackElo "2251"]
[WhiteTeam "Lebanon"]
[BlackTeam "Puerto Rico"]
[WhiteFideId "4628250"]
[BlackFideId "3100235"]
[EventDate "2012.08.28"]

1. d4 Nf6 2. Nf3 g6 3. g3 Bg7 4. Bg2 c5 5. d5 O-O 6. O-O d6 7. Nc3 Na6 8. h3 Nc7
9. a4 e6 10. dxe6 fxe6 11. e4 d5 12. Qe2 d4 13. Nb5 Nxb5 14. axb5 Nd7 15. e5 Nb6
16. Rd1 Bd7 17. c3 Qe8 18. c4 a6 19. bxa6 Rxa6 20. Rxa6 bxa6 21. Bf4 a5 22. Nd2
Bc6 23. Ne4 Qa8 24. Kh2 Nd7 25. Bh1 h6 26. h4 Kh7 27. Re1 a4 28. Qg4 Rf5 29. Nd6
Bxh1 30. Rxh1 Nxe5 31. Qe2 Nf3+ 32. Kh3 Ng5+ 33. Kh2 Nf3+ 34. Kh3 Nxh4 35. Rh2
Nf3 36. Rg2 Rh5+ 37. Kg4 Nh2+ 38. Rxh2 Rxh2 39. Nf7 Qe8 40. Ne5 h5+ 41. Kf3 Qa8+ 0-1

[Event "40th Olympiad Open"]
[Site "Istanbul TUR"]
[Date "2012.09.04"]
[Round "7.49"]
[Board "3"]
[White "Almedina Ortiz, Edgardo J"]
[Black "El Jawich, Amro"]
[Result "1-0"]
[WhiteTitle "FM"]
[BlackTitle "FM"]
[WhiteElo "2247"]
[BlackElo "2166"]
[WhiteTeam "Puerto Rico"]
[BlackTeam "Lebanon"]
[WhiteFideId "3100197"]
[BlackFideId "5300380"]
[EventDate "2012.08.28"]

1. e4 c5 2. Nf3 d6 3. d4 cxd4 4. Nxd4 Nf6 5. Nc3 a6 6. Bc4 e6 7. O-O b5 8. Bb3
Be7 9. Qf3 Qc7 10. Qg3 O-O 11. Bh6 Ne8 12. Rad1 Bf6 13. Rfe1 Be5 14. Bf4 Bxf4
15. Qxf4 e5 16. Qh4 exd4 17. Nd5 Qa5 18. Ne7+ Kh8 19. Nxc8 Nd7 20. Ne7 Ne5 21.
Nf5 d3 22. cxd3 Nxd3 23. Re3 Ne5 24. Rh3 Nf6 25. Nxg7 1-0